On the Terminology for Copula and Existence

Saved in:  
Bibliographic Details
Main Author: Kahn, Charles H. 1928- (Author)
Format: Print Article
Language:English
Check availability: HBZ Gateway
Interlibrary Loan:Interlibrary Loan for the Fachinformationsdienste (Specialized Information Services in Germany)
Published: 1973
In: Islamic philosophy and the classical tradition
Year: 1973, Pages: 141-158

MARC

LEADER 00000naa a22000002c 4500
001 1942933185
003 DE-627
005 20251129085211.0
007 tu
008 251129s1973 xx ||||| 00| ||eng c
020 |a 0872492710 
035 |a (DE-627)1942933185 
035 |a (DE-599)KXP1942933185 
040 |a DE-627  |b ger  |c DE-627  |e rda 
041 |a eng 
084 |a 0  |2 ssgn 
100 1 |e VerfasserIn  |0 (DE-588)129468444  |0 (DE-627)461985616  |0 (DE-576)161633544  |4 aut  |a Kahn, Charles H.  |d 1928- 
109 |a Kahn, Charles H. 1928-  |a Kahn, C. Harry 1928-  |a Kahn, Charles 1928- 
245 1 0 |a On the Terminology for Copula and Existence 
264 1 |c 1973 
336 |a Text  |b txt  |2 rdacontent 
337 |a ohne Hilfsmittel zu benutzen  |b n  |2 rdamedia 
338 |a Band  |b nc  |2 rdacarrier 
601 |a Terminologie 
773 0 8 |i Enthalten in  |t Islamic philosophy and the classical tradition  |d Columbia : University of South Carolina Press, 1973  |g (1973), Seite 141-158  |h viii, 549 Seiten  |w (DE-627)191780391  |w (DE-576)038366657  |z 0872492710  |7 nnam 
773 1 8 |g year:1973  |g pages:141-158 
935 |a mteo 
951 |a AR 
ELC |b 1 
ITA |a 1  |t 1 
LOK |0 000 xxxxxcx a22 zn 4500 
LOK |0 001 4816416552 
LOK |0 003 DE-627 
LOK |0 004 1942933185 
LOK |0 005 20251129032918 
LOK |0 008 251129||||||||||||||||ger||||||| 
LOK |0 035   |a (DE-Tue135)191780391_1973_141 
LOK |0 040   |a DE-Tue135  |c DE-627  |d DE-Tue135 
LOK |0 092   |o n 
LOK |0 852   |a DE-Tue135 
LOK |0 852 1  |9 00 
LOK |0 935   |a imwa  |a ixau  |a rwrk 
LOK |0 939   |a 29-11-25  |b l01 
ORI |a SA-MARC-ixtheoa001.raw 
REL |a 1 
SUB |a REL